| 000 | 00747nam a2200217 a 4500 | ||
|---|---|---|---|
| 001 | 000044507 | ||
| 005 | 20201002045425.0 | ||
| 008 | 140703s2001 bl ac 000 0 spa d | ||
| 020 | _a8585663502 | ||
| 040 |
_aDO-SdBNP _bspa _cBNPHU |
||
| 082 |
_axxxx _bxxxx |
||
| 100 | 1 |
_aUrban, Teresa _972530 |
|
| 245 | 1 | 0 |
_aMissao (quase) impossível : _baventuras e desventuras do movimento ambientalista no Brasil / _cTeresa Urban. |
| 246 | 1 | 0 | _aMissáo impossível |
| 260 |
_aSao Paulo : _bPeirópolis, _c2001. |
||
| 300 |
_a167 p. : _bil. ; _c23 cm. |
||
| 490 | 1 |
_aBrasil cidadão _aMeio ambiente |
|
| 500 | _aIncluye datos biográficos de la autora en las solapas | ||
| 504 | _aBibliografía : 167 p. | ||
| 830 | 0 |
_aBrasil cidadão _pMeio ambiente _972531 |
|
| 999 |
_c43996 _d43996 |
||